[Event "blitmenteam"]
[Site "?"]
[Date "2016.10.07"]
[Round "3.12"]
[White "Sharafiev, Azat"]
[Black "Lugovskoy, Maxim"]
[Result "1-0"]
[LiveChessVersion "1.4.4"]
[BlackElo "2427"]
[WhiteElo "2482"]

1. Nf3 {[%clk 0:03:03]} d5 {[%clk 0:03:04]} 2. c4 {[%clk 0:03:04]} e6
{[%clk 0:03:05]} 3. g3 {[%clk 0:03:04]} Nf6 {[%clk 0:03:06]} 4. Bg2
{[%clk 0:03:05]} d4 {[%clk 0:03:06]} 5. O-O {[%clk 0:03:05]} c5 {[%clk 0:03:07]}
6. e3 {[%clk 0:03:04]} Nc6 {[%clk 0:03:08]} 7. exd4 {[%clk 0:03:04]} cxd4
{[%clk 0:03:09]} 8. d3 {[%clk 0:03:04]} Be7 {[%clk 0:03:11]} 9. Na3
{[%clk 0:02:58]} O-O {[%clk 0:03:10]} 10. Nc2 {[%clk 0:02:56]} Re8
{[%clk 0:03:09]} 11. Re1 {[%clk 0:02:46]} a5 {[%clk 0:02:55]} 12. b3
{[%clk 0:02:37]} Bd6 {[%clk 0:02:36]} 13. Nfxd4 {[%clk 0:02:22]} Nxd4
{[%clk 0:02:38]} 14. Nxd4 {[%clk 0:02:23]} Bb4 {[%clk 0:02:39]} 15. Bb2
{[%clk 0:02:15]} Bxe1 {[%clk 0:02:39]} 16. Qxe1 {[%clk 0:02:17]} e5
{[%clk 0:02:37]} 17. Nb5 {[%clk 0:02:18]} Bf5 {[%clk 0:01:45]} 18. Bxb7
{[%clk 0:02:15]} Rb8 {[%clk 0:01:46]} 19. Be4 {[%clk 0:02:14]} Nxe4
{[%clk 0:01:23]} 20. dxe4 {[%clk 0:02:15]} Bg4 {[%clk 0:01:24]} 21. Qe3
{[%clk 0:02:09]} Qf6 {[%clk 0:01:24]} 22. Kg2 {[%clk 0:02:08]} h5
{[%clk 0:01:16]} 23. Nc7 {[%clk 0:02:04]} h4 {[%clk 0:01:11]} 24. h3
{[%clk 0:01:50]} Be6 {[%clk 0:00:37]} 25. Nxe8 {[%clk 0:01:49]} Rxe8
{[%clk 0:00:37]} 26. g4 {[%clk 0:01:44]} Rd8 {[%clk 0:00:35]} 27. g5
{[%clk 0:01:20]} Qg6 {[%clk 0:00:36]} 28. Bxe5 {[%clk 0:01:20]} Bc8
{[%clk 0:00:37]} 29. Bf4 {[%clk 0:01:11]} Re8 {[%clk 0:00:29]} 30. f3
{[%clk 0:01:10]} Qe6 {[%clk 0:00:30]} 31. Rh1 {[%clk 0:01:08]} Rd8
{[%clk 0:00:32]} 32. Qf2 {[%clk 0:00:59]} Rd3 {[%clk 0:00:22]} 33. Qxh4
{[%clk 0:00:54]} Bb7 {[%clk 0:00:23]} 34. Re1 {[%clk 0:00:44]} a4
{[%clk 0:00:21]} 35. Qg4 {[%clk 0:00:23]} Qc6 {[%clk 0:00:12]} 36. Qf5
{[%clk 0:00:19]} axb3 {[%clk 0:00:11]} 37. axb3 {[%clk 0:00:19]} Rxb3
{[%clk 0:00:12]} 38. Rd1 {[%clk 0:00:18]} Qg6 {[%clk 0:00:04]} 39. Qxg6
{[%clk 0:00:18]} fxg6 {[%clk 0:00:06]} 40. Rd7 {[%clk 0:00:18]} Ba6
{[%clk 0:00:05]} 41. Be5 {[%clk 0:00:18]} Bxc4 {[%clk 0:00:06]} 42. Rxg7+
{[%clk 0:00:19]} Kf8 {[%clk 0:00:07]} 43. Rxg6 Kf7 {[%clk 0:00:08]} 44. Rf6+
{[%clk 0:00:21]} Ke7 {[%clk 0:00:09]} 45. h4 {[%clk 0:00:22]} Rb1
{[%clk 0:00:09]} 46. h5 {[%clk 0:00:22]} Bf1+ {[%clk 0:00:09]} 47. Kf2
{[%clk 0:00:23]} Bc4 {[%clk 0:00:09]} 48. Kg2 {[%clk 0:00:24]} Bf1+
{[%clk 0:00:11]} 49. Kf2 {[%clk 0:00:23]} Bc4 {[%clk 0:00:11]} 50. h6
{[%clk 0:00:23]} Rh1 {[%clk 0:00:12]} 51. Rc6 {[%clk 0:00:23]} Be6
{[%clk 0:00:12]} 52. f4 {[%clk 0:00:22]} Bd7 {[%clk 0:00:08]} 53. Rc7
{[%clk 0:00:22]} Kd8 {[%clk 0:00:09]} 54. Ra7 {[%clk 0:00:22]} Bc6
{[%clk 0:00:10]} 55. Bf6+ {[%clk 0:00:22]} Ke8 {[%clk 0:00:11]} 56. h7
{[%clk 0:00:23]} Bxe4 {[%clk 0:00:10]} 57. h8=Q+ {[%clk 0:00:24]} 1-0

[Event "blitmenteam"]
[Site "?"]
[Date "2016.10.07"]
[Round "3.13"]
[White "Kurbedinov, Ramis"]
[Black "Moskalenko, Alexander"]
[Result "0-1"]
[LiveChessVersion "1.4.4"]
[BlackElo "2573"]
[WhiteElo "2263"]

1. d4 {[%clk 0:03:04]} Nf6 {[%clk 0:03:03]} 2. c4 {[%clk 0:03:05]} e6
{[%clk 0:03:04]} 3. Nc3 {[%clk 0:03:04]} Bb4 {[%clk 0:03:05]} 4. Nf3
{[%clk 0:03:03]} O-O {[%clk 0:03:02]} 5. Bg5 {[%clk 0:03:05]} d5 {[%clk 0:02:52]}
6. e3 {[%clk 0:03:03]} h6 {[%clk 0:02:53]} 7. Bh4 {[%clk 0:02:57]} Nbd7
{[%clk 0:02:49]} 8. cxd5 {[%clk 0:02:55]} exd5 {[%clk 0:02:49]} 9. Bd3
{[%clk 0:02:54]} c6 {[%clk 0:02:45]} 10. O-O {[%clk 0:02:52]} Be7
{[%clk 0:02:40]} 11. Rb1 {[%clk 0:02:49]} a5 {[%clk 0:02:41]} 12. Qc2
{[%clk 0:02:44]} Re8 {[%clk 0:02:42]} 13. a3 {[%clk 0:02:44]} Ne4
{[%clk 0:02:40]} 14. Bxe7 Qxe7 {[%clk 0:02:41]} 15. Bxe4 {[%clk 0:02:38]} dxe4
{[%clk 0:02:41]} 16. Nd2 {[%clk 0:02:39]} Nf6 {[%clk 0:02:40]} 17. Rbe1
{[%clk 0:02:31]} Bf5 {[%clk 0:02:33]} 18. f3 {[%clk 0:02:29]} Bh7
{[%clk 0:02:34]} 19. f4 {[%clk 0:02:03]} c5 {[%clk 0:02:14]} 20. Nb5
{[%clk 0:01:46]} Rac8 {[%clk 0:02:09]} 21. Qb3 {[%clk 0:01:42]} Red8
{[%clk 0:01:57]} 22. Rc1 {[%clk 0:01:30]} Bf5 {[%clk 0:01:47]} 23. Qa4
{[%clk 0:01:00]} Bd7 {[%clk 0:01:31]} 24. Qxa5 {[%clk 0:00:47]} Ng4
{[%clk 0:01:14]} 25. Nc4 {[%clk 0:00:31]} Bxb5 {[%clk 0:01:05]} 26. Qxb5
{[%clk 0:00:32]} cxd4 {[%clk 0:01:06]} 27. h3 {[%clk 0:00:16]} Nxe3
{[%clk 0:00:57]} 28. Nxe3 {[%clk 0:00:17]} dxe3 {[%clk 0:00:55]} 29. Qb6
{[%clk 0:00:11]} e2 {[%clk 0:00:53]} 30. Rfe1 {[%clk 0:00:11]} Rxc1
{[%clk 0:00:53]} 0-1

[Event "blitmenteam"]
[Site "?"]
[Date "2016.10.07"]
[Round "3.14"]
[White "Paravyan, David"]
[Black "Iljin, Timofey"]
[Result "1/2-1/2"]
[LiveChessVersion "1.4.4"]
[BlackElo "2398"]
[WhiteElo "2579"]

1. d4 {[%clk 0:03:03]} d5 {[%clk 0:03:04]} 2. Nf3 {[%clk 0:03:02]} Nf6
{[%clk 0:03:05]} 3. c3 {[%clk 0:03:03]} c5 {[%clk 0:03:05]} 4. dxc5
{[%clk 0:03:03]} Nc6 {[%clk 0:03:06]} 5. b4 {[%clk 0:03:04]} g6 {[%clk 0:03:06]}
6. Bb2 {[%clk 0:03:02]} Bg7 {[%clk 0:03:07]} 7. e3 {[%clk 0:03:04]} Ne4
{[%clk 0:03:03]} 8. Qc1 {[%clk 0:02:49]} O-O {[%clk 0:02:54]} 9. Nbd2
{[%clk 0:02:51]} Bf5 {[%clk 0:02:47]} 10. Nd4 {[%clk 0:02:49]} Bd7
{[%clk 0:02:40]} 11. Nxe4 {[%clk 0:02:42]} dxe4 {[%clk 0:02:41]} 12. Be2
{[%clk 0:02:43]} e5 {[%clk 0:02:38]} 13. Nb5 {[%clk 0:02:37]} Be6
{[%clk 0:02:29]} 14. O-O {[%clk 0:02:36]} f5 {[%clk 0:02:30]} 15. Nd6
{[%clk 0:02:35]} Qe7 {[%clk 0:02:24]} 16. b5 {[%clk 0:02:29]} Nd8
{[%clk 0:02:09]} 17. a4 {[%clk 0:02:25]} Nf7 {[%clk 0:02:09]} 18. Ba3
{[%clk 0:02:26]} Nxd6 {[%clk 0:01:44]} 19. cxd6 {[%clk 0:02:27]} Qd7
{[%clk 0:01:44]} 20. c4 {[%clk 0:02:27]} b6 {[%clk 0:01:45]} 21. Qc2
{[%clk 0:02:14]} Rac8 {[%clk 0:01:39]} 22. Rac1 {[%clk 0:02:15]} Qf7
{[%clk 0:01:24]} 23. c5 {[%clk 0:02:13]} bxc5 {[%clk 0:01:21]} 24. Bxc5
{[%clk 0:02:14]} Rfd8 {[%clk 0:01:17]} 25. Qd2 {[%clk 0:01:55]} Bf8
{[%clk 0:00:59]} 26. Rfd1 {[%clk 0:01:39]} f4 {[%clk 0:00:51]} 27. Qa5
{[%clk 0:01:20]} Bxd6 {[%clk 0:00:39]} 28. Bxd6 {[%clk 0:01:18]} f3
{[%clk 0:00:34]} 29. Bf1 {[%clk 0:01:15]} fxg2 {[%clk 0:00:24]} 30. Bxg2
{[%clk 0:01:16]} Bg4 {[%clk 0:00:25]} 31. Rxc8 Rxc8 32. Re1 {[%clk 0:01:03]} Bf3
{[%clk 0:00:28]} 33. Bxe5 {[%clk 0:00:59]} Qf5 {[%clk 0:00:30]} 34. Bg3
{[%clk 0:00:57]} h5 {[%clk 0:00:31]} 35. h4 {[%clk 0:00:37]} g5 {[%clk 0:00:28]}
36. Bxf3 {[%clk 0:00:31]} exf3 {[%clk 0:00:27]} 37. Qb4 {[%clk 0:00:29]} Qh3
{[%clk 0:00:20]} 38. Qb3+ {[%clk 0:00:28]} Kg7 {[%clk 0:00:07]} 39. Be5+
{[%clk 0:00:28]} Kf8 {[%clk 0:00:04]} 40. Bd6+ {[%clk 0:00:17]} Kg7
{[%clk 0:00:06]} 41. Be5+ Kf8 42. Bd6+ {[%clk 0:00:19]} Kg7 {[%clk 0:00:09]} 43.
Be5+ {[%clk 0:00:13]} Kf8 {[%clk 0:00:07]} 44. Bd6+ 1/2-1/2

[Event "blitmenteam"]
[Site "?"]
[Date "2016.10.07"]
[Round "3.15"]
[White "Derjabin, Ilja"]
[Black "Matinian, Nikita"]
[Result "0-1"]
[LiveChessVersion "1.4.4"]
[BlackElo "2539"]
[WhiteElo "2400"]

1. d4 {[%clk 0:03:03]} d6 {[%clk 0:03:04]} 2. c4 {[%clk 0:03:05]} g6
{[%clk 0:03:05]} 3. Nc3 {[%clk 0:03:06]} Bg7 {[%clk 0:03:07]} 4. e4
{[%clk 0:03:07]} e5 {[%clk 0:03:08]} 5. d5 {[%clk 0:03:08]} a5 {[%clk 0:03:08]}
6. Nge2 {[%clk 0:03:09]} Na6 {[%clk 0:03:09]} 7. Ng3 {[%clk 0:03:11]} h5
{[%clk 0:03:08]} 8. Be2 {[%clk 0:03:05]} h4 {[%clk 0:03:08]} 9. Nf1
{[%clk 0:03:06]} Bd7 {[%clk 0:03:04]} 10. Be3 {[%clk 0:03:00]} Bh6
{[%clk 0:03:04]} 11. Qd2 {[%clk 0:03:00]} Qf6 {[%clk 0:02:58]} 12. O-O-O
{[%clk 0:02:54]} Bxe3 {[%clk 0:02:49]} 13. Nxe3 {[%clk 0:02:54]} Ne7
{[%clk 0:02:50]} 14. Bg4 {[%clk 0:02:47]} Nc5 {[%clk 0:02:40]} 15. Bxd7+
{[%clk 0:02:45]} Kxd7 {[%clk 0:02:40]} 16. Ng4 {[%clk 0:02:23]} Qf4
{[%clk 0:02:23]} 17. Qxf4 {[%clk 0:02:14]} exf4 {[%clk 0:02:24]} 18. Nf6+
{[%clk 0:02:11]} Kd8 {[%clk 0:02:24]} 19. Rhe1 {[%clk 0:02:11]} Nd7
{[%clk 0:02:18]} 20. Nxd7 {[%clk 0:01:57]} Kxd7 {[%clk 0:02:19]} 21. e5
{[%clk 0:01:56]} dxe5 {[%clk 0:01:50]} 22. Rxe5 {[%clk 0:01:56]} h3
{[%clk 0:01:46]} 23. g3 {[%clk 0:01:54]} fxg3 {[%clk 0:01:46]} 24. fxg3
{[%clk 0:01:55]} Nf5 {[%clk 0:01:40]} 25. Ne4 {[%clk 0:01:56]} Rad8
{[%clk 0:01:12]} 26. Nf6+ {[%clk 0:01:57]} Kc8 27. c5 Kb8 {[%clk 0:00:20]} 28.
Rd3 {[%clk 0:01:58]} b6 {[%clk 0:00:11]} 29. g4 {[%clk 0:01:38]} Nh4
{[%clk 0:00:09]} 30. cxb6 {[%clk 0:01:37]} cxb6 {[%clk 0:00:10]} 31. Rxh3
{[%clk 0:01:38]} Ng2 {[%clk 0:00:11]} 32. Rxh8 Rxh8 33. d6 {[%clk 0:01:35]} Nf4
{[%clk 0:00:12]} 34. Re7 {[%clk 0:01:24]} Rd8 {[%clk 0:00:09]} 35. d7
{[%clk 0:01:25]} Ne6 {[%clk 0:00:07]} 36. Rxf7 {[%clk 0:01:24]} Kc7
{[%clk 0:00:06]} 37. h4 {[%clk 0:01:25]} Kd6 {[%clk 0:00:05]} 38. h5
{[%clk 0:01:23]} gxh5 {[%clk 0:00:07]} 39. gxh5 {[%clk 0:01:25]} Rh8
{[%clk 0:00:07]} 40. a3 {[%clk 0:01:13]} Kc7 {[%clk 0:00:07]} 41. Kd2
{[%clk 0:01:04]} Nd8 {[%clk 0:00:08]} 42. Re7 {[%clk 0:00:58]} Rf8
{[%clk 0:00:09]} 43. Ne8+ {[%clk 0:00:55]} Kc6 {[%clk 0:00:10]} 44. h6
{[%clk 0:00:56]} Rf2+ {[%clk 0:00:09]} 45. Ke3 {[%clk 0:00:55]} Rxb2
{[%clk 0:00:09]} 46. h7 {[%clk 0:00:53]} Rh2 {[%clk 0:00:10]} 47. Nf6
{[%clk 0:00:54]} Rh3+ {[%clk 0:00:05]} 48. Kf2 {[%clk 0:00:52]} Rh6
{[%clk 0:00:06]} 49. Ke2 {[%clk 0:00:45]} b5 {[%clk 0:00:08]} 50. Re8
{[%clk 0:00:45]} Kc7 {[%clk 0:00:04]} 51. h8=Q {[%clk 0:00:44]} Rxh8
{[%clk 0:00:05]} 52. Rxh8 {[%clk 0:00:45]} b4 {[%clk 0:00:06]} 53. axb4
{[%clk 0:00:46]} axb4 {[%clk 0:00:07]} 54. Kd3 {[%clk 0:00:45]} 0-1

[Event "blitmenteam"]
[Site "?"]
[Date "2016.10.07"]
[Round "3.16"]
[White "Vastrukhin, Oleg"]
[Black "Papenin, Nikolai"]
[Result "0-1"]
[LiveChessVersion "1.4.4"]
[BlackElo "2334"]
[WhiteElo "2355"]

1. Nf3 {[%clk 0:03:03]} Nf6 {[%clk 0:03:03]} 2. g3 {[%clk 0:03:05]} g6
{[%clk 0:03:03]} 3. Bg2 {[%clk 0:03:06]} Bg7 {[%clk 0:03:05]} 4. O-O
{[%clk 0:03:07]} O-O {[%clk 0:03:06]} 5. c4 {[%clk 0:03:08]} c5 {[%clk 0:03:06]}
6. Nc3 {[%clk 0:03:10]} Nc6 {[%clk 0:03:05]} 7. d3 {[%clk 0:03:11]} d6
{[%clk 0:03:04]} 8. a3 {[%clk 0:03:11]} a6 {[%clk 0:02:54]} 9. Rb1
{[%clk 0:03:13]} Rb8 {[%clk 0:02:55]} 10. b4 {[%clk 0:03:14]} cxb4
{[%clk 0:02:56]} 11. axb4 {[%clk 0:03:15]} b5 {[%clk 0:02:57]} 12. c5
{[%clk 0:03:16]} a5 {[%clk 0:02:45]} 13. bxa5 {[%clk 0:02:40]} b4
{[%clk 0:02:46]} 14. Na4 {[%clk 0:02:33]} Qxa5 {[%clk 0:02:37]} 15. cxd6
{[%clk 0:02:34]} exd6 {[%clk 0:02:38]} 16. Bd2 {[%clk 0:02:34]} Nd5
{[%clk 0:02:34]} 17. Ng5 {[%clk 0:02:28]} Bd7 {[%clk 0:02:24]} 18. Qb3
{[%clk 0:02:17]} Nc3 {[%clk 0:02:21]} 19. Nb2 {[%clk 0:01:36]} Nd4
{[%clk 0:02:01]} 20. Qc4 {[%clk 0:01:11]} Bb5 {[%clk 0:01:10]} 21. Bxc3
{[%clk 0:01:07]} bxc3 {[%clk 0:00:57]} 22. Qd5 {[%clk 0:01:03]} cxb2
{[%clk 0:00:56]} 23. Rxb2 {[%clk 0:00:57]} Nf3+ {[%clk 0:00:51]} 24. Bxf3
{[%clk 0:00:58]} Bxb2 {[%clk 0:00:52]} 25. h4 {[%clk 0:01:00]} Qd8
{[%clk 0:00:35]} 26. Ne4 {[%clk 0:00:50]} Bg7 {[%clk 0:00:27]} 27. h5
{[%clk 0:00:51]} Qe7 {[%clk 0:00:21]} 28. Kg2 {[%clk 0:00:52]} Rfc8
{[%clk 0:00:20]} 29. hxg6 {[%clk 0:00:52]} hxg6 {[%clk 0:00:21]} 30. Rh1
{[%clk 0:00:44]} Bc6 {[%clk 0:00:22]} 31. Qa5 {[%clk 0:00:43]} Bxe4
{[%clk 0:00:22]} 32. Bxe4 {[%clk 0:00:44]} Qe5 {[%clk 0:00:23]} 33. Qa7
{[%clk 0:00:42]} d5 {[%clk 0:00:24]} 34. Bf3 {[%clk 0:00:42]} Bf6
{[%clk 0:00:19]} 35. Qd7 {[%clk 0:00:37]} Rd8 {[%clk 0:00:18]} 36. Qh3
{[%clk 0:00:38]} Bg7 {[%clk 0:00:14]} 37. Qg4 {[%clk 0:00:39]} Qf5
{[%clk 0:00:13]} 38. Qa4 {[%clk 0:00:40]} Re8 {[%clk 0:00:10]} 39. Rh4
{[%clk 0:00:42]} Rbd8 {[%clk 0:00:11]} 40. Rf4 {[%clk 0:00:43]} Qe6
{[%clk 0:00:12]} 41. Qa7 {[%clk 0:00:44]} Qe7 {[%clk 0:00:11]} 42. Qa5
{[%clk 0:00:44]} Be5 {[%clk 0:00:10]} 43. Rg4 {[%clk 0:00:44]} Kg7
{[%clk 0:00:11]} 44. Bxd5 {[%clk 0:00:43]} Rh8 {[%clk 0:00:10]} 45. Be4
{[%clk 0:00:42]} Rh5 {[%clk 0:00:09]} 46. Qa6 {[%clk 0:00:41]} Qd6
{[%clk 0:00:07]} 47. Qc4 {[%clk 0:00:40]} Rdh8 {[%clk 0:00:08]} 48. f4
{[%clk 0:00:41]} Bf6 {[%clk 0:00:06]} 49. f5 {[%clk 0:00:39]} Rh2+
{[%clk 0:00:08]} 50. Kf3 {[%clk 0:00:41]} Qd4 {[%clk 0:00:08]} 51. Qxd4 Bxd4
{[%clk 0:00:09]} 52. fxg6 {[%clk 0:00:41]} Rf2# {[%clk 0:00:08]} 0-1

[Event "blitmenteam"]
[Site "?"]
[Date "2016.10.07"]
[Round "3.17"]
[White "Golubov, Saveliy"]
[Black "Savitskiy, Sergey"]
[Result "1-0"]
[LiveChessVersion "1.4.4"]
[BlackElo "2341"]
[WhiteElo "2530"]

1. Nf3 {[%clk 0:03:04]} Nf6 {[%clk 0:03:04]} 2. g3 {[%clk 0:03:05]} g6
{[%clk 0:03:05]} 3. Bg2 {[%clk 0:03:06]} Bg7 {[%clk 0:03:07]} 4. O-O
{[%clk 0:03:07]} O-O {[%clk 0:03:08]} 5. d3 {[%clk 0:03:08]} d6 {[%clk 0:03:09]}
6. e4 {[%clk 0:03:09]} c5 {[%clk 0:03:04]} 7. Nbd2 {[%clk 0:03:10]} Nc6
{[%clk 0:03:05]} 8. c3 {[%clk 0:03:06]} d5 {[%clk 0:02:45]} 9. exd5 Nxd5
{[%clk 0:02:46]} 10. Nc4 {[%clk 0:03:05]} b6 {[%clk 0:02:29]} 11. a4
{[%clk 0:03:01]} Bb7 {[%clk 0:02:29]} 12. Re1 {[%clk 0:02:57]} e6
{[%clk 0:02:31]} 13. Nfd2 {[%clk 0:02:57]} Qc7 {[%clk 0:02:31]} 14. Ne4
{[%clk 0:02:58]} Rad8 {[%clk 0:02:27]} 15. Bg5 {[%clk 0:02:55]} f6
{[%clk 0:02:28]} 16. Bd2 {[%clk 0:02:45]} e5 {[%clk 0:02:29]} 17. a5
{[%clk 0:02:39]} Kh8 {[%clk 0:02:21]} 18. axb6 {[%clk 0:02:39]} Nxb6 19. Nxc5
{[%clk 0:02:30]} Bc8 {[%clk 0:02:14]} 20. Qc2 {[%clk 0:02:25]} Bf5
{[%clk 0:02:10]} 21. Ne4 {[%clk 0:02:26]} Be6 {[%clk 0:02:01]} 22. Nxb6
{[%clk 0:02:20]} axb6 {[%clk 0:02:02]} 23. Rac1 {[%clk 0:02:01]} h6
{[%clk 0:01:55]} 24. f4 {[%clk 0:01:55]} f5 {[%clk 0:01:46]} 25. Nf2
{[%clk 0:01:56]} Bg8 {[%clk 0:01:31]} 26. fxe5 {[%clk 0:01:50]} Nxe5
{[%clk 0:01:30]} 27. d4 {[%clk 0:01:45]} Nc4 {[%clk 0:01:13]} 28. Bf4
{[%clk 0:01:46]} Qd7 {[%clk 0:01:03]} 29. b3 {[%clk 0:01:40]} g5 {[%clk 0:00:54]}
30. Bxg5 {[%clk 0:01:26]} hxg5 {[%clk 0:00:55]} 31. bxc4 Bxc4 {[%clk 0:00:50]}
32. Nd3 {[%clk 0:00:58]} Rde8 {[%clk 0:00:38]} 33. Ne5 {[%clk 0:00:31]} Bxe5
{[%clk 0:00:39]} 34. dxe5 Qc7 35. Qd2 {[%clk 0:00:28]} f4 {[%clk 0:00:30]} 36.
gxf4 {[%clk 0:00:29]} gxf4 {[%clk 0:00:32]} 37. Bf3 {[%clk 0:00:30]} Rd8
{[%clk 0:00:28]} 38. Qf2 {[%clk 0:00:27]} Qc5 {[%clk 0:00:18]} 39. Qxc5
{[%clk 0:00:20]} bxc5 {[%clk 0:00:20]} 40. Rcd1 {[%clk 0:00:18]} Rxd1 41. Rxd1
{[%clk 0:00:18]} Re8 {[%clk 0:00:11]} 42. Re1 {[%clk 0:00:19]} Kg7
{[%clk 0:00:13]} 43. Kf2 {[%clk 0:00:20]} Kg6 {[%clk 0:00:10]} 44. Bg4
{[%clk 0:00:13]} Kg5 {[%clk 0:00:10]} 45. h3 {[%clk 0:00:08]} Rb8
{[%clk 0:00:12]} 46. e6 Kf6 {[%clk 0:00:06]} 47. Re4 {[%clk 0:00:08]} Rb2+
{[%clk 0:00:07]} 48. Ke1 {[%clk 0:00:09]} Bd3 49. Rxf4+ {[%clk 0:00:07]} Ke7
{[%clk 0:00:06]} 50. Rf7+ {[%clk 0:00:08]} Ke8 51. Bh5 {[%clk 0:00:05]} Kd8
{[%clk 0:00:07]} 52. Rd7+ {[%clk 0:00:06]} Kc8 {[%clk 0:00:09]} 53. Rxd3
{[%clk 0:00:08]} 1-0

[Event "blitmenteam"]
[Site "?"]
[Date "2016.10.07"]
[Round "3.18"]
[White "Potapov, Pavel"]
[Black "Ivanov, Alexander Al."]
[Result "1/2-1/2"]
[LiveChessVersion "1.4.4"]
[BlackElo "2313"]
[WhiteElo "2471"]

1. e4 {[%clk 0:03:03]} d6 {[%clk 0:03:03]} 2. d4 {[%clk 0:03:03]} Nf6
{[%clk 0:03:05]} 3. Nc3 {[%clk 0:03:03]} c6 {[%clk 0:02:59]} 4. Nf3
{[%clk 0:02:53]} Qa5 {[%clk 0:02:56]} 5. Bd3 {[%clk 0:02:49]} e5 {[%clk 0:02:57]}
6. h3 {[%clk 0:02:35]} Be7 {[%clk 0:02:55]} 7. O-O {[%clk 0:02:34]} Nbd7
{[%clk 0:02:50]} 8. Be3 {[%clk 0:02:27]} Qc7 {[%clk 0:02:36]} 9. Qd2
{[%clk 0:02:25]} h6 {[%clk 0:02:33]} 10. a4 {[%clk 0:02:25]} a5 {[%clk 0:02:31]}
11. Rad1 {[%clk 0:02:23]} Nf8 {[%clk 0:02:26]} 12. Bc4 {[%clk 0:02:12]} Ng6
{[%clk 0:02:21]} 13. Rfe1 {[%clk 0:02:12]} O-O {[%clk 0:02:20]} 14. Bb3
{[%clk 0:02:12]} Nh5 {[%clk 0:02:17]} 15. Ne2 {[%clk 0:01:56]} b6
{[%clk 0:02:00]} 16. c3 {[%clk 0:01:41]} Ba6 {[%clk 0:01:34]} 17. dxe5
{[%clk 0:01:42]} dxe5 {[%clk 0:01:31]} 18. Qd7 {[%clk 0:01:41]} Qxd7
{[%clk 0:01:11]} 19. Rxd7 {[%clk 0:01:42]} Rab8 {[%clk 0:01:04]} 20. Nxe5 Nxe5
{[%clk 0:00:54]} 21. Rxe7 {[%clk 0:01:12]} Nd3 {[%clk 0:00:50]} 22. Rb1
{[%clk 0:01:12]} Nc5 {[%clk 0:00:44]} 23. Bd1 {[%clk 0:00:59]} Nf6
{[%clk 0:00:12]} 24. Nd4 {[%clk 0:00:48]} Bd3 {[%clk 0:00:03]} 25. Ra1
{[%clk 0:00:48]} Bxe4 {[%clk 0:00:04]} 26. b4 {[%clk 0:00:37]} 1/2-1/2

[Event "blitmenteam"]
[Site "?"]
[Date "2016.10.07"]
[Round "3.19"]
[White "Uzhva, Andrey"]
[Black "Belyakov, Bogdan"]
[Result "1/2-1/2"]
[LiveChessVersion "1.4.4"]
[BlackElo "2511"]
[WhiteElo "2132"]

1. d4 {[%clk 0:03:03]} Nf6 {[%clk 0:03:03]} 2. c4 {[%clk 0:03:02]} g6
{[%clk 0:03:04]} 3. Nf3 {[%clk 0:03:00]} Bg7 {[%clk 0:03:05]} 4. g3
{[%clk 0:03:01]} O-O 5. Bg2 d6 {[%clk 0:03:06]} 6. O-O {[%clk 0:03:03]} Nc6
{[%clk 0:03:07]} 7. Nc3 {[%clk 0:03:01]} a6 {[%clk 0:03:08]} 8. h3
{[%clk 0:02:58]} Bd7 {[%clk 0:03:09]} 9. b3 {[%clk 0:02:53]} Qc8 {[%clk 0:02:58]}
10. Kh2 {[%clk 0:02:53]} e5 {[%clk 0:02:57]} 11. e3 {[%clk 0:02:14]} Rb8
{[%clk 0:02:47]} 12. Bb2 {[%clk 0:01:50]} Re8 {[%clk 0:02:48]} 13. dxe5
{[%clk 0:01:42]} Nxe5 {[%clk 0:02:45]} 14. Nxe5 {[%clk 0:01:41]} dxe5
{[%clk 0:02:45]} 15. Nd5 {[%clk 0:01:34]} Nxd5 {[%clk 0:02:44]} 16. cxd5
{[%clk 0:01:34]} Qd8 {[%clk 0:02:20]} 17. Qd2 {[%clk 0:01:27]} c6
{[%clk 0:02:15]} 18. dxc6 {[%clk 0:01:20]} Bxc6 {[%clk 0:02:14]} 19. Qxd8
{[%clk 0:01:15]} Rexd8 {[%clk 0:02:14]} 20. Bxc6 {[%clk 0:01:16]} bxc6
{[%clk 0:02:15]} 21. Rfd1 {[%clk 0:01:15]} f5 {[%clk 0:01:49]} 22. Kg2
{[%clk 0:01:11]} Kf7 {[%clk 0:01:50]} 23. Rac1 {[%clk 0:01:06]} Rxd1
{[%clk 0:01:48]} 24. Rxd1 {[%clk 0:01:08]} Ke6 {[%clk 0:01:49]} 25. Kf1
{[%clk 0:00:52]} Rb5 {[%clk 0:01:49]} 26. Ke2 {[%clk 0:00:51]} Ra5
{[%clk 0:01:47]} 27. a4 {[%clk 0:00:48]} Rd5 {[%clk 0:01:45]} 28. Rc1
{[%clk 0:00:46]} Kd7 {[%clk 0:01:40]} 29. f4 {[%clk 0:00:35]} h5 {[%clk 0:01:40]}
30. h4 {[%clk 0:00:33]} Bf6 {[%clk 0:01:39]} 31. Rc4 {[%clk 0:00:29]} c5
{[%clk 0:01:26]} 32. Rc1 {[%clk 0:00:27]} Ke6 {[%clk 0:01:21]} 33. fxe5
{[%clk 0:00:19]} Bxe5 {[%clk 0:01:21]} 34. Bxe5 {[%clk 0:00:20]} Kxe5
{[%clk 0:01:20]} 35. Rc4 {[%clk 0:00:21]} Kd6 {[%clk 0:01:06]} 36. Rf4
{[%clk 0:00:22]} Re5 {[%clk 0:01:04]} 37. Rc4 {[%clk 0:00:23]} Re8
{[%clk 0:01:04]} 38. Kd3 {[%clk 0:00:22]} Kd5 {[%clk 0:01:02]} 39. Rf4
{[%clk 0:00:23]} Rb8 {[%clk 0:00:56]} 40. Kc3 {[%clk 0:00:24]} a5
{[%clk 0:00:53]} 41. Rc4 {[%clk 0:00:14]} Rb7 {[%clk 0:00:44]} 42. Rf4
{[%clk 0:00:14]} Rg7 {[%clk 0:00:40]} 43. Kd3 {[%clk 0:00:15]} Rg8
{[%clk 0:00:40]} 44. Kc3 {[%clk 0:00:16]} Re8 {[%clk 0:00:36]} 45. Kd3
{[%clk 0:00:17]} Re6 {[%clk 0:00:36]} 46. Rc4 {[%clk 0:00:18]} Rb6
{[%clk 0:00:31]} 47. Kc3 {[%clk 0:00:19]} Rb8 {[%clk 0:00:22]} 48. Rf4
{[%clk 0:00:19]} Rf8 {[%clk 0:00:21]} 49. Kd3 {[%clk 0:00:19]} Rf7
{[%clk 0:00:20]} 50. Kc3 {[%clk 0:00:20]} Rf6 {[%clk 0:00:21]} 51. Kd3
{[%clk 0:00:21]} Re6 {[%clk 0:00:17]} 52. Rc4 {[%clk 0:00:21]} g5
{[%clk 0:00:14]} 53. hxg5 {[%clk 0:00:20]} Rg6 {[%clk 0:00:16]} 54. Rh4
{[%clk 0:00:15]} Rxg5 {[%clk 0:00:17]} 55. Ke2 {[%clk 0:00:12]} Rxg3
{[%clk 0:00:16]} 56. Rxh5 {[%clk 0:00:13]} Ke4 {[%clk 0:00:17]} 57. Rh4+
{[%clk 0:00:13]} Rg4 {[%clk 0:00:19]} 58. Rh2 {[%clk 0:00:12]} f4 59. exf4
{[%clk 0:00:13]} Rg3 {[%clk 0:00:20]} 60. Rh5 {[%clk 0:00:13]} Rxb3
{[%clk 0:00:18]} 61. Rxc5 {[%clk 0:00:14]} Rb2+ {[%clk 0:00:18]} 62. Kd1
{[%clk 0:00:15]} Kxf4 {[%clk 0:00:18]} 63. Rxa5 {[%clk 0:00:17]} Ke3
{[%clk 0:00:19]} 64. Kc1 {[%clk 0:00:18]} Rb8 {[%clk 0:00:19]} 65. Ra7
{[%clk 0:00:19]} Kd3 {[%clk 0:00:20]} 66. a5 {[%clk 0:00:20]} 1/2-1/2